Online
Catalog

Kokinshu : (Record no. 1522)

MARC details
000 -CABECERA
campo de control de longitud fija 01203cam a2200289 a 4500
001 - NÚMERO DE CONTROL
campo de control 000001632
005 - FECHA Y HORA DE LA ÚLTIMA TRANSACCIÓN
campo de control 20200929145638.0
008 - DATOS DE LONGITUD FIJA--INFORMACIÓN GENERAL
campo de control de longitud fija 831116s1984 nju b 001 0 eng
020 ## - NÚMERO INTERNACIONAL ESTÁNDAR DEL LIBRO
ISBN cancelado o inválido 04130870483
040 ## - FUENTE DE LA CATALOGACIÓN
Centro catalogador/agencia de origen DO-SdBNP
Lengua de catalogación spa
Centro/agencia transcriptor DLC
Centro/agencia modificador DLC
-- BNPHU
041 17 - CÓDIGO DE LENGUA
Código de lengua del texto/banda sonora o título independiente jpn
Código de lengua del sumario o resumen eng
Fuente del código Código de idioma MARC
082 ## - NÚMERO DE LA CLASIFICACIÓN DECIMAL DEWEY
Número de clasificación 895.65
Número de documento/Ítem K798a
049 ## - FONDOS LOCALES (OCLC)
Fondos de biblioteca BNGR
245 00 - MENCIÓN DE TÍTULO
Título Kokinshu :
Resto del título a collection of poems ancient and modern /
Mención de responsabilidad, etc. traducido y anotado por Laurel Rasplica Rodd con Mary Catherine Henkenius.
260 ## - PUBLICACIÓN, DISTRIBUCIÓN, ETC.
Lugar de publicación, distribución, etc. Princeton, New Jersey :
Nombre del editor, distribuidor, etc. Princeton University Press,
Fecha de publicación, distribución, etc. 1984.
300 ## - DESCRIPCIÓN FÍSICA
Extensión ix, 442 p. ;
Dimensiones 25 cm.
490 1# - MENCIÓN DE SERIE
Mención de serie Princeton library of Asian translations
500 ## - NOTA GENERAL
Nota general "Incluye un estudio de la influencia de China en los prefacios Kokinshåu por John Timothy Wixted y una traducción comentada del prefacio de China por Leonard Grzanka".
504 ## - NOTA DE BIBLIOGRAFÍA, ETC.
Nota de bibliografía, etc. Bibliografía: p. 403-405.
500 ## - NOTA GENERAL
Nota general Incluye índice.
650 #4 - PUNTO DE ACCESO ADICIONAL DE MATERIA--TÉRMINO DE MATERIA
Término de materia o nombre geográfico como elemento de entrada Literatura japonesa
9 (RLIN) 4301
650 #4 - PUNTO DE ACCESO ADICIONAL DE MATERIA--TÉRMINO DE MATERIA
Término de materia o nombre geográfico como elemento de entrada Poesía japonesa
9 (RLIN) 5336
700 1# - PUNTO DE ACCESO ADICIONAL--NOMBRE DE PERSONA
Nombre de persona Rodd, Laurel Rasplica,
Término indicativo de función/relación tr.
9 (RLIN) 5337
700 1# - PUNTO DE ACCESO ADICIONAL--NOMBRE DE PERSONA
Nombre de persona Henkenius, Mary Catherine,
Término indicativo de función/relación tr.
9 (RLIN) 5338
830 #0 - PUNTO DE ACCESO ADICIONAL DE SERIE-TÍTULO UNIFORME
Título uniforme Princeton library of Asian translations.
9 (RLIN) 5339
910 ## - DATOS DE OPCIÓN DEL USUARIO (OCLC)
Datos de opción del usuario Catalogación por copia / LC
Holdings
Estado de retiro Estado de pérdida Restricciones de uso No para préstamo Código de colección Localización permanente Ubicación/localización actual Ubicación en estantería Fecha de adquisición Número de inventario Total de préstamos Signatura topográfica completa Código de barras Fecha visto por última vez Precio válido a partir de Tipo de ítem Koha
    Préstamo interno   Monografías: Libros y Folletos General General En catalogación 18.09.2009 LF1   895.65 K798a 1632-10 25.06.2020 25.06.2020 Préstamo interno

Powered by Koha